Юридические аспекты экологического управления на территориях нефтегазодобычи (на примере нефтегазового комплекса Томской области); Проблемы геологии и освоения недр

Dettagli Bibliografici
Parent link:Проблемы геологии и освоения недр.— 2009.— С. 918-920
Autore principale: Рыжих А. С.
Altri autori: Янковский В. В. (научный руководитель)
Lingua:russo
Pubblicazione: 2009
Soggetti:
Natura: MixedMaterials Capitolo di libro
KOHA link:https://koha.lib.tpu.ru/cgi-bin/koha/opac-detail.pl?biblionumber=182529

MARC

LEADER 00000naa2a2200000 4500
001 182529
005 20231031171327.0
035 |a (RuTPU)RU\TPU\book\197870 
090 |a 182529 
100 |a 20100622d2009 k y0rusy50 ca 
101 0 |a rus 
102 |a RU 
200 1 |a Юридические аспекты экологического управления на территориях нефтегазодобычи (на примере нефтегазового комплекса Томской области)  |f А. С. Рыжих  |g науч. рук. В. В. Янковский 
320 |a Библиогр.: 4 назв. 
463 0 |0 (RuTPU)RU\TPU\book\186895  |y 978-5-98298-569-9  |t Проблемы геологии и освоения недр  |o труды XIII Международного симпозиума имени академика М. А. Усова студентов и молодых ученых, посвященного 110-летию со дня рождения К. В. Радугина  |f Томский политехнический университет (ТПУ), Институт геологии и нефтегазового дела (ИГНД)  |v С. 918-920  |d 2009  |p 993 с. 
610 1 |a экология 
610 1 |a управление 
610 1 |a нефтегазовые комплексы 
610 1 |a Томская область 
610 1 |a труды учёных ТПУ 
700 1 |a Рыжих  |b А. С. 
702 1 |a Янковский  |b В. В.  |4 727 
801 1 |a RU  |b 63413507  |c 20100622 
942 |c BK